| 000 | 00566nam a2200217Ia 4500 | ||
|---|---|---|---|
| 003 | BUBTL | ||
| 008 | 151213s9999 xx 000 0 und d | ||
| 082 | _a677.028BAW | ||
| 100 | _aProf. N.N.Banerjee | ||
| 245 |
_aWeaving Mechanism (Volume-1) _cProf. N.N.Banerjee |
||
| 250 | _a10th | ||
| 260 |
_aIndia _bTandra Benerjee _cc1993 |
||
| 300 |
_a[xvii],326p. _bills. _c22cm. |
||
| 650 | _aTextiles | ||
| 650 | _aTextiles | ||
| 700 | _aProf. N.N.Banerjee | ||
| 760 | _b10th | ||
| 856 |
_k0 _l0 _yDownload |
||
| 942 |
_2ddc _cBK |
||
| 999 |
_c3977 _d3977 |
||